00367nam a2200097Ia 4500001000900000008004100009010001100050110006700061245005200128260008900180dia_6950220117s1968 xx 000 0 und d a178042 aSAG Dirección General De Avicultura y Otras Especies Menores aEmpleo de la Miel en la Industria Panificadora. aMéxico :b SAG Dirección General De Avicultura y Otras Especies Menores,c1968